000 00285nam a2200121Ia 4500
008 190216s9999||||xx |||||||||||||| ||und||
100 _aKamal Shukla
245 0 _aHindi-Sona Aur Sunand
260 _bSarva Siksha Pusthak Udyog
_c2008
300 _a144
650 _aHindi
942 _cBK
999 _c16580
_d16580